Robert Zemekis Filmography - Statistics

General Stats
  • This quiz has been taken 49 times
    34 since last reset
  • The average score is 11 of 57
Answer Stats
Hint Answer % Correct
1985 Back to the Future
95%
1994 Forrest Gump
86%
2004 The Polar Express
67%
2000 Cast Away
62%
1989 Back to the Future Part II
52%
1990 Back to the Future Part III
52%
1988 Who Framed Roger Rabbit
52%
2022 Pinocchio
48%
2009 A Christmas Carol
43%
2007 Beowulf
43%
1997 Contact
43%
2012 Flight
43%
2015 The Walk
38%
1978 I Wanna Hold Your Hand
33%
2018 Welcome to Marwen
33%
1984 Romancing the Stone
29%
2020 The Witches
29%
2000 What Lies Beneath
29%
2016 Allied
24%
1992 Death Becomes Her
24%
1979 1941
19%
2011 Mars Needs Moms
19%
1980 Used Cars
19%
1984 Used Cars
19%
2023 Here
14%
1996 Bordello of Blood
10%
2006 Monster House
10%
1996 The Frighteners
10%
2022 Who Framed Roger Rabbit 2
10%
1986 Amazing Stories
5%
2021 Finch
5%
2002 Ghost Ship
5%
2003 Gothika
5%
2005 House of Wax
5%
1999 House on Haunted Hill
5%
2006 Last Holiday
5%
2003 Matchstick Men
5%
2011 Real Steel
5%
2005 The Prize Winner of Defiance, Ohio
5%
1992 The Public Eye
5%
2007 The Reaping
5%
1992 Trespass
5%
2005 Enfants terribles
0%
2018 Entre Oscuros Sueños
0%
2022 Grandes Horizontales
0%
2020 I'm Thinking of Ending Things
0%
2014 Nosferatu vs. Father Pipecock & Sister Funk
0%
2002 Ritual
0%
2002 S1m0ne
0%
TBD School for Scumbags
0%
TBD Steel Soldiers
0%
2008 Super Capers: The Origins of Ed and the Missing Bullion
0%
TBD The Gafin Academy
0%
TBD The King
0%
2001 Thir13en Ghosts
0%
1992 Two-Fisted Tales
0%
1995 W.E.I.R.D. World
0%
No matching quizzes found
Score Distribution
Percent of People with Each Score
Percentile by Number Answered
Your Score History
You have not taken this quiz since the last reset